000 00282nam a22001337a 4500
003 SGT
082 _a617.51, H13K
100 _aKIRTANE, MILIND V.
245 _aHEAD AND NECK SURGERY
260 _aINDIA
_bTHIEME PUB.
_c2013
300 _a477
650 _aSURGERY
942 _2ddc
_cBK
999 _c8404
_d8404